Ancien Monde... ou Nouveau Monde ? - Statistiques

Statistiques générales
  • Ce quiz a été pris 15 525 fois
  • Le résultat moyen est 17 sur 24
Statistiques - réponses
Question Réponse % Correct
Le cheval Ancien Monde
88%
La poule Ancien Monde
87%
Le cochon Ancien Monde
87%
La vache Ancien Monde
84%
La pomme Ancien Monde
83%
Le chat Ancien Monde
83%
La variole Ancien Monde
82%
L'avocat Nouveau Monde
81%
Le riz Ancien Monde
77%
Le lama Nouveau Monde
75%
La carotte Ancien Monde
73%
La tomate Nouveau Monde
73%
Le cochon d'Inde Nouveau Monde
70%
Le maïs Nouveau Monde
69%
Le tabac Nouveau Monde
67%
Le cacao Nouveau Monde
64%
Le dindon Nouveau Monde
64%
L'opium Ancien Monde
61%
La pomme de terre Nouveau Monde
59%
La vanille Nouveau Monde
58%
Le piment Nouveau Monde
56%
La banane Ancien Monde
49%
Le café Ancien Monde
37%
Le cannabis Ancien Monde
34%
Aucun quiz correspondant
Distribution des résultats
% des personnes avec chaque résultat
Percentile par nombre de réponses
Votre historique - résultats
Vous n’avez pas pris ce quiz